| 000 | 00734cam a22002413a 4500 | ||
|---|---|---|---|
| 001 | 10343 | ||
| 003 | PGUSA | ||
| 005 | 20140828083223.0 | ||
| 008 | 031101s2003||||xxu|||||s|||||000 e eng d | ||
| 040 |
_aPGUSA _beng |
||
| 042 | _adc | ||
| 050 | 4 | _aPR | |
| 100 | 1 |
_aLamb, Mary, _d1764-1847 |
|
| 245 | 1 | 4 |
_aThe Works of Charles and Mary Lamb — Volume 2 : _bElia and The Last Essays of Elia _h[electronic resource] / _cMary Lamb |
| 260 |
_bProject Gutenberg, _c2003 |
||
| 506 | _aPublic domain in the USA. | ||
| 516 | _aElectronic text | ||
| 653 | _aEnglish essays | ||
| 700 | 1 |
_aLucas, E. V. _q(Edward Verrall), _d1868-1938 |
|
| 830 | 0 |
_aProject Gutenberg _v10343 |
|
| 856 | 4 | 0 | _uhttp://www.gutenberg.org/ebooks/10343 |
| 942 | _cEB | ||
| 999 |
_c239598 _d239598 |
||